| 000 | 01056nam a22002537a 4500 | ||
|---|---|---|---|
| 005 | 20170124102939.0 | ||
| 010 | _aB-138580 | ||
| 020 |
_c140.00 _a8188081272 |
||
| 035 | _aB-138580 | ||
| 037 | _bCen Lib/Ret | ||
| 040 |
_aDPL _bHN |
||
| 082 |
_a827 _bठाकरे |
||
| 100 |
_aठाकरे, कांतिलाल _948031 |
||
| 245 |
_aआँखें बोलती हैं / _cकांतिलाल ठाकरे |
||
| 246 |
_aAankhen boltee hain / _bby Kanti Lal Thakre |
||
| 260 |
_aदिल्ली _bदिशा प्रकाशन _c2004 |
||
| 270 |
_a138/16, ओंकार नगर-बी, त्रि नगर _bदिल्ली _e110035 |
||
| 300 |
_a135पृ. _c21सेमी (सजिल्द) |
||
| 650 |
_aहिन्दी साहित्य _948032 |
||
| 650 |
_aहिन्दी साहित्य--कहानिया _946379 |
||
| 650 |
_aHindi Literature _948033 |
||
| 650 |
_aHindi Literature--Stories _948034 |
||
| 942 |
_2ddc _cHN _h827 _mठाकरे |
||
| 999 |
_c112503 _d112503 |
||